Normal view MARC view
  • Guide Name:Khatavkar Anupama

Entry Personal Name

Number of records used in: 1

001 - CONTROL NUMBER

  • control field: 210942

003 - CONTROL NUMBER IDENTIFIER

  • control field: OSt

005 - DATE AND TIME OF LATEST TRANSACTION

  • control field: 20250110171809.0

008 - FIXED-LENGTH DATA ELEMENTS

  • fixed length control field: 250110|| aca||aabn | a|a d

040 ## - CATALOGING SOURCE

  • Original cataloging agency: OSt
  • Transcribing agency: OSt

100 ## - HEADING--PERSONAL NAME

  • Personal name: Guide Name:Khatavkar Anupama

670 ## - SOURCE DATA FOUND

  • Source citation: Work cat.: (OSt)364562: Hurpade Pratiksha 184145, Landscae Master Plan Proposal For Mahalaxmi Park Auroville, 2020